000 00668nam a2200217Ia 4500
008 241004s9999 xx 000 0 und d
020 _a9780367610784
037 _aTextbook
040 _aARTS
_beng
_cARTS
041 _aeng
_2eng
084 _aW:f R1
_qARTS
100 _aMcnabb David E. Au.
_929775
245 _aResearch methods for political science: quantitative, qualitative and mixed methods approaches
_cMcnabb David E. Au.
250 _a3rd
260 _aUSA
_bNew York Routledge
_c2022
300 _aix,464p.
365 _aUKP
_b54.99
650 _aPolitical Science Research
_929298
942 _cTB
_hW:f R1
999 _c1218899
_d1218899